| 000 | 00333nam a22001337a 4500 | ||
|---|---|---|---|
| 003 | OSt | ||
| 008 | 220618b |||||||| |||| 00| 0 eng d | ||
| 020 | _a9781641723442 | ||
| 082 |
_a630.1 _bSTA/AG |
||
| 100 |
_aStanley, Maximus _95224 |
||
| 245 | _aAgricultural engineering | ||
| 260 |
_aNew York _bLarsen and Keller _c2020 |
||
| 942 | _cBK | ||
| 999 |
_c17528 _d17528 |
||